LEADER 01131nam a2200277 u 4500 001 000000050599 003 CaOOAMICUS 005 20070226115237.0 008 000822s1905 fr u000 u fre u 035 $a10853851 040 $aPUL(R)$bita 100 1 $aDuchesne, L.$q(Louis),$d1843-1922.$0(OLS)http://pul/name/10363 245 10$aEglises séparées /$cpar L'Abbé L. Duchesne. 250 $a2è éd. 260 $aParis :$bThorin,$c1905. 300 $aviii, 356 p. ;$c19 cm 490 1 $aAutonomies Ecclésiastiques 610 20$aCatholic Church.$0(OLS)http://pul/subject/432 650 0$aChristianity$y19th century.$2//eng$0(OLS)http://pul/subject/21307 650 0$aChurch history$y19th century.$2//eng$0(OLS)http://pul/subject/21308 830 0$aAutonomies Ecclésiastiques.$0(OLS)http://pul/title/68096 850 $aPUL 852 $aPUL$W1$xDP1 Fondo Maccarrone$y58$m1522 D 27$j67091$nBK-PRI$b $qFondi$B67091$CPULBib$Z2$F67091 $H $81 941 1 $a1 996 $6245$aEglises séparées$9(OLS)http://pul/title/68095 996 $6260$aParis :$bThorin$9(OLS)http://pul/publisher/48445 LEADER 01256nam a2200289 u 4500 001 000000075237 003 CaOOAMICUS 005 20070226123059.0 008 030509s2002 it u000 u ita u 020 $a8810405676 035 $a10961173 040 $aIPA$bita 100 1 $aPilloni, Francesco.$0(OLS)http://pul/name/49968 245 10$aTeologia come sapienza della fede :$bteologia e filosofia nella crisi ariana del IV secolo /$cFrancesco Pilloni. 260 $aBologna :$bEdizioni Dehoniane,$c2002. 300 $a199 p. ;$c22 cm 490 1 $aNuovi saggi teologici ;$v56 504 $aBibliografia: p. 13-25 650 4$aArianesimo$xStoria.$0(OLS)http://pul/subject/3298 830 0$aNuovi saggi teologici ;$v56.$0(OLS)http://pul/title/131917 850 $aPUL 852 $aPUL$W1$xSL Religione 3$y85$m234 PILFR 1$j96866$nBK-PRI$qDDC 21$B96866$CPULBib$Z2$F96866 $H92275 $82 941 1 $a9 983 0$aCollana Nuovi saggi teologici. 996 $6020$a8810405676$9(OLS)http://pul/number/98020 996 $6245$aTeologia come sapienza della fede :$bteologia e filosofia nella crisi ariana del IV secolo$9(OLS)http://pul/title/98688 996 $6260$aBologna :$bEdizioni Dehoniane$9(OLS)http://pul/publisher/48070